Argentine Soccer Players Quiz Stats

 Plays Quiz Updated Jun 24, 2020

     
Support Sporcle.
Go Orange.
Score 0/20 Timer 05:00
13 Plays Today
Hint Answer % Correct
Lionel Messi
99.3%
Diego Maradona
98.5%
Ángel Di María
91.4%
Sergio Agüero
85.9%
Javier Mascherano
85.7%
Juan Sebastián Verón
80.2%
Javier Zanetti
76.8%
Hernán Crespo
76.4%
Gabriel Batistuta
69.7%
Diego Simeone
62.9%
Hint Answer % Correct
Sergio Romero
57.3%
Esteban Cambiasso
48.4%
Alfredo Di Stéfano
47.9%
Mario Kempes
41.7%
Ariel Ortega
26.1%
Daniel Passarella
23.8%
Claudio López
16.7%
Jorge Burruchaga
14%
Ubaldo Fillol
6.1%
Omar Sívori
5.8%

From the Vault

Follow That Line: 'Willy Wonka & the Chocolate Factory'

by Jareeve

Movies 8m
Don't fall into the Chocolate River.
Remove Ads.
Support Sporcle.
Get the best of Sporcle when you Go Orange. This ad-free experience offers more features, more stats, and more fun while also helping to support Sporcle. Thank you for becoming a member.

Show Comments

Extras

Top Quizzes Today


Score Distribution

Your Account Isn't Verified!

In order to create a playlist on Sporcle, you need to verify the email address you used during registration. Go to your Sporcle Settings to finish the process.

Report this User

Report this user for behavior that violates our Community Guidelines.

Details: